000
00300nam a22001457a 4500
008
210305b ||||| |||| 00| 0 eng d
020
_a
0321185587
041
_a
eng
080
_2
11th
_a
51
082
_a
51
100
_a
36
101
_a
MAT
245
_a
Calculus
_c
Thomas, G.B
942
_2
udc
_c
BK
999
_c
55808
_d
55808